1301 1852 1005 1429 1028 1916 1513 1768 1717 1034 1242 1134 1904 1768 1072 1960 1884 1492 1215 1501 1818 1928 1405 1243 1563 1973 1123 1306 1844 1315 1404 1290 1086 1178 1703 1545 1095 1851 1167 1623 1370 1535 1702 1521 1915 1463 1111 1608 1534 1499 1465 1757 1516 1060 1701 1414 1277 1565 1791 1526 1923 1024 1741 1231 1419 1512 1774 1443 1877 1973 1186 1648 1335 1443 1299 1831 1958 1256 1488 1974 1218 1791 1755 1281 1737 1208 1641 1387 1068 1102 1799 1589 1789 1455 1332 1184 1915 1542 1208 BCNSPRNW ULIB Ver.6.0+V

เปลี่ยนเป็นภาษาไทย

Change to English
 แสดงรายละเอียดบรรณานุกรม
  กลับหน้าหลัก

Brief Record : Get Marc (ISO 2709) : E-mail record : QR code < ปิดหน้าต่าง
LEADER : 00000nam 2200000uu 4500
001    13399113326
003     ULIB
008    110627s2553||||th 000 0 tha d
020    9789740435303
090    นว.^bณ429พ 2553
100 0  ณารา
245 00 เพลงรักเพลิงมายา/^cณารา
250    พิมพ์ครั้งที่ 7
260    กรุงเทพฯ :^bพิมพ์คำ,^c2553
300    422 หน้า
710 1  พิมพ์คำ
945    ^p250^l0^i028056
995    ทศพร
999 ^a ใช้งานได้ทุกระบบ
รายการนี้ยังไม่มีแท็ก
คุณยังไม่ได้ล็อกอิน คุณสามารถมีกิจกรรมร่วมกับเว็บไซต์ได้ แต่ต้องล็อกอินก่อน ::
  ล็อกอิน

รายการสื่อสารสนเทศ

ลำดับที่ ประเภท เลขเรียก/บาร์โค้ด สถานที่ สถานะ
- ไม่พบข้อมูล -

รายการใกล้เคียง
    ผู้แต่ง [ณารา]

BibComment


ยังไม่เคยถูกคอมเมนท์

คอมเมนท์ทรัพยากรรายการนี้
  คอมเมนท์: เพลงรักเพลิงมายา ..


 Copyright 2026. Bcnsprnw @Library